[Event "Leiden Noteboom Memorial 75th"]
[Site "Leiden"]
[Date "2015.02.15"]
[Round "5"]
[White "Van der Werf, Mark"]
[Black "Van der Togt, Twan"]
[Result "1-0"]
[WhiteElo "2405"]
[BlackElo "2097"]
[PlyCount "35"]
[EventDate "2015.02.13"]
[EventType "swiss"]
[EventRounds "6"]
[EventCountry "NED"]
[SourceTitle "CBM 164 Extra"]
[Source "ChessBase"]
[SourceDate "2015.03.02"]
[SourceVersion "1"]
[SourceVersionDate "2015.03.02"]
[SourceQuality "1"]

1. Nf3 d5 2. c4 c6 3. e3 Nf6 4. Nc3 e6 5. b3 Nbd7 6. Qc2 Bd6 7. Bb2 0-0 8. Be2 Qe7 9. 0-0 b6 10. cxd5 exd5 11. Nd4 Bb7 12. Nf5 Qe6 13. Nxd6 Qxd6 14. d4 Rfe8 15. a4 a5 16. Ba3 Qe6 17. Bd3 Ba6 18. Bf5 1-0

[Event "Leiden Noteboom Memorial 74th"]
[Site "Leiden"]
[Date "2014.03.01"]
[Round "2"]
[White "Van der Togt, Twan"]
[Black "Repplinger, Marc"]
[Result "1/2-1/2"]
[WhiteElo "1967"]
[BlackElo "2244"]
[PlyCount "120"]
[EventDate "2014.02.28"]
[EventType "swiss"]
[EventRounds "6"]
[EventCountry "NED"]
[SourceTitle "CBM 159 Extra"]
[Source "ChessBase"]
[SourceDate "2014.04.24"]
[SourceVersion "1"]
[SourceVersionDate "2014.04.24"]
[SourceQuality "1"]

1. e4 e6 2. d4 d5 3. Nd2 Nf6 4. e5 Nfd7 5. Bd3 c5 6. c3 Nc6 7. Ne2 cxd4 8. cxd4 f6 9. exf6 Nxf6 10. Nf3 Bd6 11. 0-0 Qc7 12. Bg5 0-0 13. Bh4 Nh5 14. Qc2 h6 15. Bg6 Rxf3 16. gxf3 Bxh2+ 17. Kh1 Nf4 18. Ng3 Qd6 19. Rad1 e5 20. Bh7+ Kh8 21. dxe5 Nxe5 22. Bf5 Bxf5 23. Nxf5 Qg6 24. Rg1 Qh5 25. Kxh2 Nxf3+ 26. Kg3 Nxg1 27. Rxg1 Ne2+ 28. Kh2 Nxg1 29. Kxg1 Re8 30. Ne7 Qg4+ 31. Kf1 Qh3+ 32. Kg1 Qg4+ 33. Kf1 Qd7 34. Qd3 Rxe7 35. Bxe7 Qxe7 36. Qxd5 a6 37. a3 Qc7 38. Qd2 Qc4+ 39. Kg2 Qg4+ 40. Kf1 Qe4 41. Qc3 Kh7 42. b4 h5 43. a4 h4 44. a5 Qh1+ 45. Ke2 Qe4+ 46. Kf1 Qg4 47. Qc2+ Kh6 48. Qd2+ Qg5 49. Qd6+ Qf6 50. Qd3 Qf4 51. Qc3 Qe4 52. Qd2+ Kh7 53. Qc3 Qf5 54. Kg2 Qg4+ 55. Kh2 Qf4+ 56. Kg2 Kh6 57. Qe1 Qg4+ 58. Kh2 Qf5 59. Qe3+ Qg5 60. Qb6+ Qf6 1/2-1/2

[Event "Leiden LCT op-A 7th"]
[Site "Leiden"]
[Date "2013.07.15"]
[Round "4"]
[White "De Coverly, Roger D"]
[Black "Van der Togt, Twan"]
[Result "0-1"]
[WhiteElo "2036"]
[BlackElo "1880"]
[PlyCount "116"]
[EventDate "2013.07.12"]
[EventType "swiss"]
[EventRounds "9"]
[EventCountry "NED"]
[SourceTitle "EXT 2015"]
[Source "ChessBase"]
[SourceDate "2014.11.20"]
[SourceVersion "1"]
[SourceVersionDate "2014.11.20"]
[SourceQuality "1"]

1. e4 e5 2. Nf3 Nc6 3. Bb5 a6 4. Ba4 d6 5. 0-0 Bd7 6. c3 Nf6 7. Re1 g6 8. d4 b5 9. Bb3 Bg7 10. Nbd2 0-0 11. h3 Re8 12. Nf1 Na5 13. Bc2 Bc6 14. Ng3 Bb7 15. a4 Nc6 16. d5 Ne7 17. Qe2 c6 18. dxc6 Bxc6 19. axb5 axb5 20. Be3 Qc7 21. Qd2 d5 22. Rxa8 Bxa8 23. Bh6 Bh8 24. Qg5 Nxe4 25. Nxe4 dxe4 26. Bxe4 Bxe4 27. Rxe4 Nf5 28. Nh4 Nxh6 29. Qxh6 Rd8 30. Qc1 Qc6 31. Rb4 Bf6 32. Qe1 Be7 33. Rg4 h5 34. Re4 Rd1 35. Qxd1 Qxe4 36. Nf3 Bf6 37. Qb3 Qb1+ 38. Kh2 e4 39. Ng1 Be5+ 40. Kh1 Qd3 41. Qa3 Kg7 42. Qc5 Bf6 43. g3 Qc2 44. Qe3 Qxb2 45. Ne2 Qb1+ 46. Kg2 Qd3 47. h4 Kh7 48. Qb6 Kg7 49. Qe3 Qxe3 50. fxe3 Be5 51. Kf2 Kf6 52. Nd4 Bxd4 53. exd4 Ke6 54. Ke3 Kd5 55. Kf4 f6 56. g4 hxg4 57. Kxg4 b4 58. cxb4 Kxd4 0-1